|
|
|
|
| LEADER |
00000nab a2200000 a 4500 |
| 001 |
vtls000337552 |
| 003 |
SK-MaSNL |
| 005 |
20260303185104.0 |
| 008 |
230313c1988 xo 0 slo |
| 015 |
|
|
|a SNBRB19rr/mm-uuuuu
|
| 035 |
|
|
|a CL0337674
|
| 035 |
|
|
|a urn:nbn:sk:snk-abbipp
|
| 035 |
|
|
|a (urnnbn)urn:nbn:sk:snk:ar-00036q
|
| 035 |
|
|
|a (uuid)e78cfd94-7920-4241-9058-995574511d7a
|
| 040 |
|
|
|a SNKBUCL
|b slo
|c SNKBUCL
|e AACR2
|
| 041 |
0 |
|
|a slo
|
| 044 |
|
|
|a xo
|c SK
|
| 080 |
|
|
|a 82:03
|2 1981
|
| 080 |
|
|
|a 03
|2 1981
|
| 080 |
|
|
|a 82.091
|2 1981
|
| 080 |
|
|
|a 885.0
|2 1981
|
| 080 |
|
|
|a 882
|2 1981
|
| 080 |
|
|
|a 885.0.091
|2 1981
|
| 080 |
|
|
|a 882.091
|2 1981
|
| 100 |
1 |
|
|a Červeňák, Andrej,
|d 1932-2012
|4 aut
|9 153402
|
| 245 |
1 |
0 |
|a Literárna veda masám
|c Andrej Červeňák
|
| 500 |
|
|
|a V rubrike Recenzie.
|
| 650 |
0 |
7 |
|a česká literatúra
|2 snkbucl
|9 1178
|
| 650 |
0 |
7 |
|a ruská literatúra
|2 snkbucl
|9 1204
|
| 650 |
0 |
7 |
|a vzťahy medziliterárne
|2 snkbucl
|9 725857
|
| 655 |
|
7 |
|a články z novín a časopisov
|2 snkbucl
|9 267496
|
| 655 |
|
7 |
|a články z odboru literárna veda a krásna literatúra
|2 snkbucl
|9 770045
|
| 773 |
0 |
|
|t Romboid
|g Č. 10 (1988), s. 80-81
|
| 787 |
0 |
8 |
|i Rec.:
|t Malý slovník rusko-českých literárních vztahů
|d Praha : Lidové nakladatelství, 1986
|
| 850 |
|
|
|a Slovenská národná knižnica v Martine
|a MTA001
|
| 852 |
|
|
|a SNK
|b KIS3GCP
|
| 958 |
|
|
|a RK
|
| 958 |
|
|
|a CZ
|
| 958 |
|
|
|a LX
|
| 958 |
|
|
|a OND
|
| 958 |
|
|
|a EUIPO
|
| 958 |
|
|
|a article15
|
| 992 |
|
|
|a RBX
|
| 999 |
|
|
|c 2129709
|d 2131639
|